Statistics for Last 40 Home Run Hitter by Team

Click here to take the quiz!

General Stats

  • This quiz has been taken 6,024 times
    (758 since last reset)
  • The average score is 19 of 30

Answer Stats

Year Team HR Answer % Correct
2019Angels45Mike Trout
89%
2017Yankees52Aaron Judge
88%
2018Athletics48Khris Davis
85%
2019Mets53Pete Alonso
85%
2017Marlins59Giancarlo Stanton
84%
2004Giants45Barry Bonds
82%
2013Tigers44Miguel Cabrera
82%
2019Dodgers47Cody Bellinger
79%
2019Brewers44Christian Yelich
79%
2015Nationals42Bryce Harper
78%
2009Phillies45Ryan Howard
76%
2010Cardinals42Albert Pujols
75%
2019Rockies41Nolan Arenado
74%
2019Twins41Nelson Cruz
74%
2019Braves41Ronald Acuna Jr.
73%
2019Astros41Alex Bregman
71%
2018Red Sox43J.D. Martinez
71%
2019Reds49Eugenio Suarez
60%
2016Blue Jays42Edwin Encarnacion
58%
1973Pirates44Willie Stargell
57%
2018Rangers40Joey Gallo
52%
2016Orioles47Mark Trumbo
51%
2019Royals48Jorge Soler
51%
2009Padres40Adrian Gonzalez
49%
2005Cubs46Derrek Lee
38%
2007Rays46Carlos Pena
36%
2006Indians42Travis Hafner
27%
2009Diamondbacks44Mark Reynolds
24%
2016White Sox40Todd Frazier
20%

Score Distribution

Percentile by Number Answered

Percent of People with Each Score

Your Score History

You have not taken this quiz since the last reset